|
|
|
|
| LEADER |
01849nam a2200409 i 4500 |
| 001 |
40115 |
| 003 |
BD-DhAAL |
| 005 |
20221124164609.0 |
| 008 |
221124t2001 bg b b 100 0 eng d |
| 999 |
|
|
|c 45089
|d 45089
|
| 010 |
|
|
|a 2007340065
|
| 025 |
|
|
|a B-E-2007-340065; 25
|
| 037 |
|
|
|b Library of Congress -- New Delhi Overseas Office
|c Tk350.00
|
| 040 |
|
|
|a DLC
|b eng
|c DLC
|e rda
|d BD-DhAAL
|
| 042 |
|
|
|a lcode
|a pcc
|
| 043 |
|
|
|a a-bg---
|
| 050 |
0 |
0 |
|a S599.6.B3
|b I46 2011
|
| 082 |
|
|
|a 333.73095492
|2 23
|
| 245 |
0 |
0 |
|a Impact of land degradation in Bangladesh :
|b changing scenario in agricultural land use /
|c edited by Z. Karim, Anwar Iqbal ; contributors, Mustafizur Rahman [and eleven others].
|
| 260 |
|
|
|a Dhaka :
|b Soils Division, Bangladesh Agricultural Research Council,
|c 2001.
|
| 300 |
|
|
|a xii, 106 pages :
|b maps ;
|c 25 cm.
|
| 490 |
0 |
|
|a Soils publication ;
|v no. 42
|
| 504 |
|
|
|a Includes bibliographical references (pages 103-106).
|
| 520 |
|
|
|a Based on presentations at a workshop organized by Bāṃlādeśa Kr̥shi Gabeshaṇā Kāunsila on December 27, 1998.
|
| 541 |
|
|
|a Donated By Akbar Ali Khan
|e 40115
|
| 650 |
|
0 |
|a Land degradation
|z Bangladesh
|v Congresses.
|9 52571
|
| 650 |
|
0 |
|a Land capability for agriculture
|z Bangladesh
|v Congresses.
|9 52577
|
| 650 |
|
0 |
|a Agriculture.
|9 52578
|
| 650 |
|
0 |
|a Soils.
|9 52579
|
| 700 |
1 |
|
|a Karim, Z.
|9 52572
|
| 700 |
1 |
|
|a Iqbal, M. Anwar
|9 52573
|
| 700 |
1 |
|
|a Rahman, Mustafizur.
|9 52574
|
| 710 |
2 |
|
|a Bāṃlādeśa Kr̥shi Gabeshaṇā Kāunsila.
|b Soils Division.
|9 52575
|
| 830 |
|
|
|a Soils publication ;
|v no. 42
|9 52576
|
| 852 |
|
|
|a Ayesha Abed Library
|c Akbar Ali Khan Collection
|
| 942 |
|
|
|2 ddc
|c BK
|
| 952 |
|
|
|0 0
|1 0
|2 ddc
|4 0
|6 333_730954920000000_IMP
|7 1
|9 72403
|a BRACUL
|b BRACUL
|c AAKC
|d 2022-11-24
|e Donated by Akbar Ali Khan
|l 0
|o 333.73095492 IMP
|p 3010040115
|r 2022-11-24
|t 1
|w 2022-11-24
|y BK
|